| 000 | 00491nam a2200157 a 4500 | ||
|---|---|---|---|
| 001 | 1779 | ||
| 003 | CDMR | ||
| 005 | 20130320131953.0 | ||
| 008 | 130130s2004||||||||||||||||||||||||||||d | ||
| 020 | _a8495616521 | ||
| 040 |
_aCDMR _bcat _cCDMR |
||
| 100 | 1 |
_aSentís, Carles _9107 |
|
| 245 | 1 | 0 |
_aL' Instant abans del 36 _b: a Barcelona, Roma, Nàpols, París _cCarles Sentís ; selecció i pròleg de Julià Guillamon ; epíleg de l'autor |
| 260 |
_aBarcelona _c2004 _bLa Campana |
||
| 942 |
_cMON _2udc |
||
| 999 |
_c1779 _d1779 |
||